000 00267nam a22001097a 4500
008 170124b xxu||||| |||| 00| 0 eng d
020 _a9781582556611
041 _aeng
080 _a618.2
245 _a2008 LIPPINCOTT'S NURSING DRUG GUIDE
_cKARCH, A.M
942 _2udc
_cBK
999 _c3505
_d3505